书目信息 |
| 题名: |
调味大全
|
|
| 作者: | 雷东 著 | |
| 分册: | ||
| 出版信息: | 北京 北京科学技术出版社 2008.07 |
|
| 页数: | 290页 | |
| 开本: | 23cm | |
| 丛书名: | ||
| 单 册: | ||
| 中图分类: | TS972.112 | |
| 科图分类: | ||
| 主题词: | 调味品--加工 | |
| 电子资源: | ||
| ISBN: | 978-7-5304-2958-7 | |
| 000 | 00533nam0 2200193 450 | |
| 001 | 0838127381 | |
| 005 | 20081222162849.80 | |
| 010 | @a978-7-5304-2958-7@dCNY32.00 | |
| 100 | @a20081222d2008 km y0chiy0120 ea | |
| 101 | 0 | @achi |
| 102 | @aCN@b110000 | |
| 200 | 1 | @a调味大全@Adiao wei da quan@f雷东著@Flei dong zhu |
| 210 | @a北京@c北京科学技术出版社@d2008.07 | |
| 215 | @a290页@d23cm | |
| 606 | 0 | @a调味品@x加工 |
| 690 | @aTS972.112@v4 | |
| 701 | 0 | @a雷东@Alei dong@4著 |
| 801 | 0 | @aCN@bNISOFT@c20081222 |
| 905 | @aBZT@dTS972.112@e2@f5 | |
| 调味大全/雷东著.-北京:北京科学技术出版社,2008.07 |
| 290页;23cm |
| ISBN 978-7-5304-2958-7:CNY32.00 |
| ● |
| 相关链接 |
|
|
|
正题名:调味大全
索取号:TS972.112/2
 
预约/预借
| 序号 | 登录号 | 条形码 | 馆藏地/架位号 | 状态 | 备注 |
| 1 | 0693092 | 2000693092 | 样本书库/样008架A面4层1列/ [索取号:TS972.112/2] | 在馆 | |
| 2 | 0693093 | 2000693093 | 中心书库中库/ 中库024架A面4列2层29/ [索取号:TS972.112/2] | 在馆 | |
| 3 | 0693094 | 2000693094 | 中心书库中库/ 中库024架A面4列2层28/ [索取号:TS972.112/2] | 在馆 | |
| 4 | 0693095 | 2000693095 | 中心书库中库/ 中库024架A面4列2层27/ [索取号:TS972.112/2] | 在馆 | |
| 5 | 0693096 | 2000693096 | 中心书库中库/ 中库024架A面4列2层26/ [索取号:TS972.112/2] | 在馆 |